Maps de Call of Duty Black Ops 6 - Statistiques

Statistiques générales
  • Ce quiz a été pris 99 fois
  • Le résultat moyen est 7 sur 27
Statistiques - réponses
Maps Type de quiz Ajout % Correct
Nuketown Classique Base
83%
Skyline Classique Base
42%
Babylon Classique Base
41%
Hacienda Classique Saison 1
39%
Stakeout Strike Base
39%
Protocol Classique Base
36%
Red Card Classique Base
30%
Vault Classique Base
25%
Vorkuta Classique Base
25%
Bullet Strike Saison 2
22%
Payback Classique Base
22%
Scud Classique Base
22%
Lowtown Classique Base
20%
Rewind Classique Base
20%
Warhead Strike Base
20%
Lifeline Classique Saison 2
19%
Subsonic Classique Base
19%
Bounty Classique Saison 2
17%
Grind Classique Saison 2
17%
Dealership Classique Saison 2
16%
Gala Strike Base
16%
Hideout Classique Saison 1
16%
Pit Strike Base
16%
Derelict Classique Base
14%
Extraction Classique Saison 1
14%
Racket Strike Saison 1
14%
Heirloom Strike Saison 1
11%
Aucun quiz correspondant
Distribution des résultats
% des personnes avec chaque résultat
Percentile par nombre de réponses
Votre historique - résultats
Vous n’avez pas pris ce quiz